Egyptian ideas of the future life
Salvato in:
| Autore principale: | |
|---|---|
| Natura: | Libro |
| Lingua: | inglese |
| Pubblicazione: |
London, England, United Kingdom
Kegan Paul, Trench, Trübner & Co. Ltd
1900
|
| Edizione: | Segunda edición |
| Serie: | Books on Egypt and Chaldaea.
1 |
| Soggetti: | |
| Tags: |
Aggiungi Tag
Nessun Tag, puoi essere il primo ad aggiungerne!!
|
MARC
| LEADER | 00000nam a2200000 a 4500 | ||
|---|---|---|---|
| 001 | UCJ6580 | ||
| 003 | CL-VaPUC | ||
| 005 | 20240611105638.0 | ||
| 008 | 070124e19000000UK |||||||||||||||||eng|d | ||
| 999 | |c 322682 |d 322680 | ||
| 040 | |c Pontificia Universidad Católica de Valparaíso | ||
| 082 | 0 | 4 | |a 932 BUD 1900 |2 21 |
| 100 | |a Wallis Budge, Ernest Alfred |9 516815 | ||
| 245 | 1 | 0 | |a Egyptian ideas of the future life |
| 250 | |a Segunda edición | ||
| 260 | 0 | 3 | |a London, England, United Kingdom |b Kegan Paul, Trench, Trübner & Co. Ltd |c 1900 |
| 300 | |a 198 páginas | ||
| 490 | 0 | |a Books on Egypt and Chaldaea. |v 1 | |
| 500 | |a Ilustraciones conforme al índice | ||
| 583 | |a last modification |c 20180123 06:40:38 |k Rodrigo Vera | ||
| 650 | 0 | |a Arqueología |9 265619 | |
| 650 | 7 | |a EGIPTOLOGIA |2 CL-VaPUC |9 265780 | |
| 650 | 0 | |a Religión |9 255164 | |
| 650 | 7 | |a RITOS Y CEREMONIAL |2 CL-VaPUC |9 512928 | |
| 650 | 0 | |a Dioses |9 265645 | |
| 650 | 0 | |a Mitología |9 255719 | |
| 650 | 0 | |a Escatología |9 314395 | |
| 650 | 7 | |a CEREMONIAS FUNERARIAS |2 CL-VaPUC |9 513461 | |
| 651 | 0 | |a Egipto |9 268199 | |
| 942 | |c BK |2 ddc | ||
| 945 | |d 20070124 00:00:00 |a rinostro | ||
| 952 | |0 0 |1 0 |2 ddc |4 0 |6 932_000000000000000_BUD_1900 |7 0 |8 X |9 401733 |a FDOBUD |b FDOBUD |d 2019-11-22 |i 1049941 |o 932 BUD 1900 |p 1049941 |r 2019-11-22 |t 1 |w 2019-11-22 |y BK_X |k BUD | ||